| 000 | 00438 a2200157 4500 | ||
|---|---|---|---|
| 999 |
_c898 _d898 |
||
| 020 | _a0000000 | ||
| 050 | _aT47 NAT 1975 | ||
| 100 | _aFusell, Diana | ||
| 110 | _aNational Development Service | ||
| 245 |
_aCommunicating with pictures _cNational Development Service |
||
| 264 |
_aTribhuvan _bUnicef _c1975 |
||
| 300 |
_a22p., _bill. |
||
| 500 | _aCommunication | ||
| 650 |
_aCommunication- _xPictures |
||
| 942 |
_2olc _cBK _h47 _iNAT _kT |
||